[Event "45th Olympiad Budapest 2024"]
[Site "Budapest"]
[Date "2024.09.19"]
[Round "8"]
[Board "1"]
[White "Susilodinata, Andrean"]
[Black "Meier, Georg"]
[Result "0-1"]
[WhiteElo "2393"]
[BlackElo "2591"]
[PlyCount "74"]
[EventDate "2024.09.11"]
[EventType "team-tourn"]
[EventRounds "11"]
[EventCountry "HUN"]
[WhiteTeam "Indonesia"]
[BlackTeam "Uruguay"]
[WhiteTeamCountry "INA"]
[BlackTeamCountry "URU"]

1. e4 e6 2. d4 d5 3. exd5 exd5 4. Nf3 Nf6 5. Bd3 Bd6 6. Qe2+ Be7 7. O-O O-O 8. Re1 Bd6 ({RR} 8... Nc6 9. c3 Bg4 10. Bg5 Re8 11. Nbd2 h6 12. Bxf6 Bxf6 13. Qf1 Qd6 14. h3 Bxf3 15. Nxf3 a6 16. g3 g6 17. Bc2 Kg7 18. Kg2 h5 19. h4 Qd7 20. Ba4 b5 21. Bb3 Na5 22. Qd3 Nc4 23. Bxc4 {0-1 Rapport,R (2740)-Shankland,S (2710) 8th Gashimov Mem Blitz 2022 (7.1)}) 9. Bg5 h6 10. Bh4 g5 $146 ({RR} 10... Bg4 11. h3 Bh5 12. c3 Nbd7 13. Nbd2 c6 14. Qd1 Qc7 15. Bxf6 Nxf6 16. Qc2 Bxf3 17. Nxf3 Rfe8 18. Nh4 Rac8 19. Nf5 Bf8 20. Rad1 g6 21. Nh4 Bg7 22. Nf3 c5 23. Bb5 Rxe1+ 24. Rxe1 c4 25. Qc1 {0-1 Sala,G (1532)-Sichinava,M (1205) EU-ch U10 Girls 27th 2017 (3)}) ({RR} 10... c5 11. dxc5 Bxc5 12. Nc3 Be6 13. Rad1 Nbd7 14. Bb5 Qa5 15. a3 a6 16. Bxd7 Nxd7 17. Nd4 Bxd4 18. Rxd4 Rfe8 19. h3 Qb6 20. Rb4 Qc6 21. Qf3 b5 22. Rd4 Nb6 23. Bg3 Nc4 24. Nxd5 Bxd5 25. Rxe8+ {½-½ Pechac,J (2578)-Sjugirov,S (2651) ch-HUN Rapid 2024 (5.7)}) ({RR} 10... Be6 11. Ne5 Nbd7 12. Nd2 Re8 13. Ndf3 g5 14. Bg3 Ne4 15. Bxe4 dxe4 16. Qxe4 Nf6 17. Qd3 c6 18. c4 Bc7 19. Rad1 Qe7 20. h4 g4 21. Nh2 h5 22. Qe3 Nh7 23. Qh6 f6 24. Ng6 Qg7 25. Qxg7+ {1-0 Fishbein,A (2382)-Mekhitarian,K (2559) Titled Tue 17th Oct Late 2023 (4)}) 11. Bg3 Re8 12. Qf1 Rxe1 13. Qxe1 Nc6 14. c3 Nh5 15. Ne5 Nxg3 16. Nxc6 bxc6 17. fxg3 c5 18. Nd2 Rb8 19. b3 cxd4 20. cxd4 c5 21. dxc5 Bxc5+ 22. Kh1 Rb6 23. Nf3 Bb4 24. Qe3 Qe7 25. Qd4 Bb7 26. Rc1 Rc6 27. Rxc6 Bxc6 28. h4 Bc5 29. Qg4 Bd7 30. Bf5 h5 31. Bh7+ Kxh7 32. Nxg5+ Kg6 33. Qd1 Bg4 34. Qd3+ Bf5 35. Qf1 d4 36. Kh2 d3 37. Nf3 f6 0-1

[Event "45th Olympiad Budapest 2024"]
[Site "Budapest"]
[Date "2024.09.19"]
[Round "8"]
[Board "2"]
[White "Rodriguez Vila, Andres"]
[Black "Cahaya, Satria Duta"]
[Result "1-0"]
[WhiteElo "2417"]
[BlackElo "2219"]
[PlyCount "149"]
[EventDate "2024.09.11"]
[EventType "team-tourn"]
[EventRounds "11"]
[EventCountry "HUN"]
[WhiteTeam "Uruguay"]
[BlackTeam "Indonesia"]
[WhiteTeamCountry "URU"]
[BlackTeamCountry "INA"]

1. d4 Nf6 2. Nc3 d5 3. Bf4 e6 4. e3 Bb4 5. Nge2 O-O 6. a3 Be7 7. h4 ({RR} 7. Ng1 c5 8. Nf3 Nh5 9. dxc5 Nxf4 10. exf4 Bxc5 11. Bd3 g6 12. h4 Nc6 13. h5 Qf6 14. Qd2 e5 15. Nxd5 Qd6 16. Bc4 b5 17. Ba2 exf4 18. O-O-O b4 19. hxg6 hxg6 20. Ng5 Bf5 21. Nh7 Rfd8 {1-0 Carlsen,M (2863)-Xiong,J (2709) Clutch-ch June rapid 2020 (1.10)}) ({RR} 7. h3 c5 8. g4 Nc6 9. Bg2 b6 10. O-O Ba6 11. Re1 Rc8 12. Nc1 cxd4 13. exd4 Ne8 14. N3e2 Bf6 15. c3 Nd6 16. Nd3 Nc4 17. Bh2 N6a5 18. Nef4 g6 19. a4 Nd6 20. Ne5 Bb7 21. Bf1 Nac4 {1-0 Rodriguez Vila,A (2407)-De Siqueira,L (2230) 10th Floripa Open 2024 (4.6)}) 7... c5 8. h5 Nc6 9. Qd2 Bd7 $146 ({RR} 9... b5 10. f3 a6 11. g4 Nd7 12. Kf2 Bb7 13. Rd1 Bh4+ 14. Bg3 Be7 15. Bg2 Rc8 16. Nb1 Qb6 17. Kg1 a5 18. Bf2 b4 19. a4 Ba6 20. Ng3 cxd4 21. exd4 Bd6 22. f4 Qc7 23. Be3 Ne7 24. Rc1 {0-1 Trent,L (2401)-Ghasi,A (2485) LCC English Rapid 12th 2021 (7)}) 10. Ng3 cxd4 11. exd4 Qb6 12. O-O-O Rfc8 13. h6 g6 14. Na4 Qd8 15. Kb1 b6 16. Nc3 Na5 17. Be5 Ng4 18. Bf4 b5 19. Na2 Nc4 20. Bxc4 Rxc4 21. f3 Nf6 22. Nf1 a5 23. Ne3 Rc6 24. c3 Ne8 25. Rhe1 Rb6 26. Nc2 Nd6 27. g4 Nc4 28. Qh2 Rb7 29. Bc1 b4 30. cxb4 Qb6 31. Rd3 Qa6 32. Rc3 Ba4 33. b3 axb4 34. Ncxb4 Bxb4 35. axb4 Bxb3 36. Rxb3 Rba7 37. Re2 Qa4 38. Rc3 Qd1 39. Rg2 Na3+ 40. Ka1 Nb5 41. Qe5 Kf8 42. Qe3 e5 43. Rd3 Qf1 44. Rc2 exd4 45. Qd2 Na3 46. Rxa3 Rxa3 47. b5 d3 48. Rb2 d4 49. Kb1 Qxf3 50. b6 Qe4 51. Qf4 f5 52. gxf5 gxf5 53. Qxe4 fxe4 54. Rf2+ Ke7 55. Bxa3+ Rxa3 56. b7 Rb3+ 57. Rb2 d2 58. Rxb3 d1=Q+ 59. Nc1 d3 60. Rc3 d2 61. b8=Q dxc1=R+ 62. Rxc1 Qd3+ 63. Rc2 Qd1+ 64. Kb2 Qd4+ 65. Rc3 Qd2+ 66. Kb3 Qd1+ 67. Kc4 Qe2+ 68. Kb4 Qb2+ 69. Rb3 Qd4+ 70. Ka5 Qa1+ 71. Kb5 Qf1+ 72. Kb6 Qf6+ 73. Kb7 Qxh6 74. Qc7+ Kf8 75. Ra3 1-0

[Event "45th Olympiad Budapest 2024"]
[Site "Budapest"]
[Date "2024.09.19"]
[Round "8"]
[Board "3"]
[White "Ulhaq, Zacky Dhia"]
[Black "Vazquez, Facundo"]
[Result "0-1"]
[WhiteElo "2203"]
[BlackElo "2388"]
[PlyCount "118"]
[EventDate "2024.09.11"]
[EventType "team-tourn"]
[EventRounds "11"]
[EventCountry "HUN"]
[WhiteTeam "Indonesia"]
[BlackTeam "Uruguay"]
[WhiteTeamCountry "INA"]
[BlackTeamCountry "URU"]

1. d4 Nf6 2. Bf4 g6 3. Nc3 d5 4. e3 Nh5 5. Bg5 c6 6. Be2 h6 7. Bh4 Ng7 8. f4 $146 ({RR} 8. Bg3 Nd7 9. h3 Nf5 10. Bh2 Nh4 11. g3 Nf5 12. Nf3 h5 13. Qd2 Nf6 14. Ne5 Nd6 15. g4 hxg4 16. hxg4 Nfe4 17. Nxe4 Nxe4 18. Qd3 Qd6 19. Bf3 Qb4+ 20. Kf1 Nd2+ 21. Kg2 Nxf3 22. Kxf3 Bg7 {½-½ Furfine,J (2308)-Antipov,M (2607) 33rd North American Open 2023 (2.2)}) 8... Nf5 9. Bf2 Nd6 10. Nf3 Qb6 11. a3 Bf5 12. b3 Nd7 13. Ne5 Nf6 14. O-O h5 15. Be1 Bg7 16. h3 Nfe4 17. Nxe4 Bxe4 18. c4 Nf5 19. Bf2 Rd8 20. c5 Qc7 21. Bf3 Bxe5 22. Bxe4 dxe4 23. fxe5 Qd7 24. Qc2 Qd5 25. Qc4 g5 26. Qxd5 Rxd5 27. Kh2 f6 28. Bg1 e6 29. exf6 Kf7 30. g3 Kxf6 31. Kg2 Kg6 32. Rad1 Rhd8 33. Bf2 g4 34. Bg1 e5 35. Rde1 Re8 36. hxg4 hxg4 37. dxe5 Rexe5 38. b4 Rd3 39. Rd1 Rxa3 40. Ra1 Rxa1 41. Rxa1 a6 42. Rf1 a5 43. bxa5 Rxc5 44. Rf4 Rc2+ 45. Bf2 Nxe3+ 46. Kg1 Rc1+ 47. Kh2 Nf1+ 48. Kg2 e3 49. Rxg4+ Kf5 50. Rb4 exf2 51. Kxf2 Nd2 52. Rxb7 Ne4+ 53. Ke3 Nd6 54. Rh7 Rc3+ 55. Ke2 Rxg3 56. Kd2 Nc4+ 57. Kc2 Nxa5 58. Rh4 Ke6 59. Rh5 Nc4 0-1

[Event "45th Olympiad Budapest 2024"]
[Site "Budapest"]
[Date "2024.09.19"]
[Round "8"]
[Board "4"]
[White "Roselli Mailhe, Bernardo"]
[Black "Mariano, Fabian Glen"]
[Result "1/2-1/2"]
[WhiteElo "2362"]
[BlackElo "2121"]
[PlyCount "140"]
[EventDate "2024.09.11"]
[EventType "team-tourn"]
[EventRounds "11"]
[EventCountry "HUN"]
[WhiteTeam "Uruguay"]
[BlackTeam "Indonesia"]
[WhiteTeamCountry "URU"]
[BlackTeamCountry "INA"]

1. d4 Nf6 2. c4 e6 3. Nf3 b6 4. a3 Bb7 5. Nc3 d5 6. cxd5 Nxd5 7. e3 Nxc3 8. bxc3 Be7 9. Bb5+ c6 10. Bd3 O-O 11. O-O c5 12. e4 Qc7 13. Qe2 Nd7 14. Bb2 ({RR} 14. Be3 Rfd8 15. Rfd1 Rac8 16. a4 Nf6 17. Bg5 h6 18. Bh4 Nh5 19. Bg3 Nxg3 20. hxg3 Ba8 21. Ba6 Rb8 22. Rac1 Bf8 23. Ne5 Bd6 24. Nc4 Bf8 25. Ne5 g6 26. Bc4 Bg7 27. f4 Rd6 28. d5 exd5 {½-½ Inan,C (1972)-Atabayev,Y (2435) TCh-TUR 2nd League 2024 (2.3)}) 14... c4 15. Bc2 b5 16. Rad1 Rfd8 $146 ({RR} 16... a5 17. Nd2 b4 18. axb4 axb4 19. Qxc4 Qxc4 20. Nxc4 bxc3 21. Bxc3 Rac8 22. Bd3 Bxe4 23. Bxe4 Rxc4 24. Ba1 Nf6 25. Bf3 Rd8 26. Rc1 Rxc1 27. Rxc1 g6 28. g3 Nd5 29. Kg2 Bf6 30. Bb2 Ne7 31. Rc7 {½-½ Sriram,J (2430)-Deepan Chakkravarthy,J (2481) IND-chT 36th 2016 (9.1)}) 17. Ne1 a5 18. f4 b4 19. axb4 axb4 20. cxb4 Bxb4 21. Rf3 Nf6 22. Rh3 g6 23. Bb1 Qxf4 24. Qxc4 Ba6 25. Nd3 Bxc4 26. Nxf4 e5 27. Nd3 Bxd3 28. Rhxd3 exd4 29. Bxd4 Nxe4 30. Bb6 Rxd3 31. Bxd3 Bc5+ 32. Bxc5 Nxc5 33. Be2 Ra7 34. Bf3 Kg7 35. Rd4 Ne6 36. Rb4 f5 37. Rb7+ Rxb7 38. Bxb7 Kf6 39. Kf2 Ke5 40. g3 Nc5 41. Ba8 Kd4 42. Bc6 g5 43. Be8 Kd3 44. Kf3 Ne6 45. Bd7 Nd4+ 46. Kf2 Ke4 47. Bc8 h5 48. Bb7+ Ke5 49. Ke3 g4 50. Kf2 Ne6 51. Bc6 Kf6 52. Bb7 Kg5 53. Bc6 h4 54. Bb7 Nc5 55. Bc6 h3 56. Ba8 Kf6 57. Ke3 Ke5 58. Bc6 Ne6 59. Bb7 Kf6 60. Bc6 Kg5 61. Bb7 f4+ 62. gxf4+ Nxf4 63. Bc8 Nd5+ 64. Kf2 Kf4 65. Kg1 Ne3 66. Bxg4 Nxg4 67. Kh1 Ke3 68. Kg1 Nf2 69. Kf1 Kf3 70. Kg1 Ke2 1/2-1/2

[Event "45th Olympiad Budapest 2024"]
[Site "Budapest"]
[Date "2024.09.19"]
[Round "8"]
[Board "1"]
[White "Kulaots, Kaido"]
[Black "Laohawirapap, Prin"]
[Result "1-0"]
[WhiteElo "2506"]
[BlackElo "2380"]
[PlyCount "71"]
[EventDate "2024.09.11"]
[EventType "team-tourn"]
[EventRounds "11"]
[EventCountry "HUN"]
[WhiteTeam "Estonia"]
[BlackTeam "Thailand"]
[WhiteTeamCountry "EST"]
[BlackTeamCountry "THA"]

1. e4 c5 2. Nf3 d6 3. d4 cxd4 4. Nxd4 Nf6 5. Nc3 a6 6. h3 e5 7. Nde2 h5 8. Bg5 Be7 9. Ng3 h4 10. Nf5 Bxf5 11. exf5 Nbd7 ({RR} 11... Nc6 12. Qd2 Nd4 13. Bxf6 Bxf6 14. Bc4 Rc8 15. Bd5 b5 16. a3 Nxf5 17. O-O Nd4 18. Qd3 O-O 19. Rfe1 Kh8 20. Re4 g6 21. Rg4 Bg7 22. Qe4 Bh6 23. Rxh4 Kg7 24. Rxh6 Kxh6 25. f4 Qh4 26. Rf1 {0-1 Lin,B (2103)-Sarana,A (2697) Titled Tue 13th Feb Late 2024 (5)}) 12. Bc4 Rh5 13. Be3 $146 ({RR} 13. Ne4 Nxe4 14. Bxe7 Qb6 15. O-O Rxf5 16. Bxh4 g5 17. Qd5 Rf4 18. Rae1 O-O-O 19. Rxe4 Nf6 20. Rxf4 Nxd5 21. Rxf7 Qd4 22. Bxg5 Qxc4 23. Bxd8 Kxd8 24. Rxb7 Qxc2 25. g3 Nc7 26. h4 d5 27. h5 Qh7 {1-0 Lukasiewicz,K (2218)-Voinikonis,N (2218) Marianske Lazne IM-B3 17th 2018 (9)}) 13... Rxf5 14. Be2 e4 15. Bg4 Ra5 16. a3 g6 17. O-O Nxg4 18. hxg4 Qc7 19. Nxe4 Qc6 20. Nd2 O-O-O 21. b4 Re5 22. c4 Nf6 23. Bf4 Re6 24. b5 axb5 25. cxb5 Qxb5 26. Rb1 Qa6 27. Nb3 Nd7 28. Qf3 Nc5 29. Rfc1 Kd7 30. Nd4 g5 31. Nxe6 fxe6 32. Be3 Qxa3 33. Rxc5 dxc5 34. Rxb7+ Ke8 35. Rxe7+ Kxe7 36. Bxg5+ 1-0

[Event "45th Olympiad Budapest 2024"]
[Site "Budapest"]
[Date "2024.09.19"]
[Round "8"]
[Board "2"]
[White "Kulpruethanon, Thanadon"]
[Black "Volodin, Aleksandr"]
[Result "0-1"]
[WhiteElo "2286"]
[BlackElo "2457"]
[PlyCount "46"]
[EventDate "2024.09.11"]
[EventType "team-tourn"]
[EventRounds "11"]
[EventCountry "HUN"]
[WhiteTeam "Thailand"]
[BlackTeam "Estonia"]
[WhiteTeamCountry "THA"]
[BlackTeamCountry "EST"]

1. d4 Nf6 2. c4 e6 3. Nf3 d5 4. g3 Bb4+ 5. Bd2 Be7 6. Bg2 c6 7. Qc2 Nbd7 8. O-O Ne4 9. Nc3 Nxd2 10. Nxd2 O-O 11. Rad1 ({RR} 11. a3 a5 12. Rab1 b5 13. cxb5 cxb5 14. Nxb5 Qb6 15. a4 Ba6 16. Qd3 Rab8 17. Rfc1 Nf6 18. e3 Bxb5 19. axb5 Qxb5 20. Bf1 Qb6 21. Rc2 Rfc8 22. Rbc1 Rxc2 23. Rxc2 g6 24. Qa6 Qxa6 25. Bxa6 Rb6 {½-½ Ambartsumova,K (2404)-Pulvett,D (2482) 6th San Cristobal Open 2024 (6.13)}) 11... Rb8 12. e4 dxc4 $146 ({RR} 12... dxe4 13. Ndxe4 f5 14. Nd2 e5 15. d5 e4 16. Nb3 Qe8 17. Rfe1 Qg6 18. Nd4 Ne5 19. f4 Nd3 20. Rxd3 exd3 21. Qxd3 Bc5 22. Kh1 Re8 23. Rxe8+ Qxe8 24. Nc2 Bd7 25. b4 Bf8 26. c5 a5 27. a3 {1-0 Makkar,R (2452)-Hagner,B (2356) World Youth Open U16 2023 (8.3)}) 13. Nxc4 b5 14. Ne3 Qb6 15. Kh1 c5 16. d5 c4 17. Qd2 Bc5 18. Nc2 Ne5 19. Ne1 Ng4 20. Kg1 Ne3 21. e5 Bb7 22. d6 Nxg2 23. Nxg2 Qc6 0-1

[Event "45th Olympiad Budapest 2024"]
[Site "Budapest"]
[Date "2024.09.19"]
[Round "8"]
[Board "3"]
[White "Seeman, Tarvo"]
[Black "Teerapabpaisit, Wisuwat"]
[Result "1-0"]
[WhiteElo "2375"]
[BlackElo "2070"]
[PlyCount "107"]
[EventDate "2024.09.11"]
[EventType "team-tourn"]
[EventRounds "11"]
[EventCountry "HUN"]
[WhiteTeam "Estonia"]
[BlackTeam "Thailand"]
[WhiteTeamCountry "EST"]
[BlackTeamCountry "THA"]

1. Nf3 Nf6 2. g3 d6 3. d4 Nbd7 4. c4 e5 5. Nc3 c6 6. Qc2 g6 7. Bg2 Bg7 8. O-O O-O 9. Rd1 Qc7 10. h3 Re8 11. e4 a6 ({RR} 11... b6 12. Be3 Ba6 13. b3 Rac8 14. a4 Qb8 15. Ra2 Nf8 16. d5 cxd5 17. exd5 N8d7 18. Bf1 Bb7 19. a5 bxa5 20. Rxa5 a6 21. Rda1 Bf8 22. h4 Ng4 23. Bg5 Bg7 24. Bh3 h5 25. Nd2 f5 26. Bxg4 {½-½ Ivanchuk,V (2740)-Andreikin,D (2580) RUS-chT Dagomys 2008 (6)}) 12. Be3 ({RR} 12. c5 dxc5 13. dxe5 Nxe5 14. Nxe5 Qxe5 15. Bf4 Qe6 16. Na4 Nd7 17. Rd6 Qe7 18. Rad1 g5 19. Be3 Bd4 20. Nxc5 Qxd6 21. Bxd4 Nxc5 22. Bxc5 Qf6 23. Rd6 Be6 24. Bb6 Qe5 25. Qd2 Bxa2 26. b4 Bd5 {0-1 Cruz,C (2478)-Aadit,B (2087) National Open 2024 (1.20)}) 12... Bf8 $146 ({RR} 12... b5 13. cxb5 cxb5 14. dxe5 dxe5 15. Rac1 Bb7 16. Qd3 Qa5 17. Nd2 Rad8 18. Nb3 Qb4 19. Qc2 Rc8 20. a3 Qe7 21. Na5 Ba8 22. Qd2 Bf8 23. b4 Qe6 24. Nd5 Rxc1 25. Rxc1 Bd6 26. Nb3 Rd8 27. Nc5 {1-0 Lomer,E (2100)-Petzold,H (2173) GER-ch Seniors 21st 2009 (4)}) ({RR} 12... b5 13. cxb5 cxb5 14. Rac1 Bb7 15. Qb1 Qb8 16. b4 exd4 17. Nxd4 Ne5 18. a4 Nc4 19. Bf4 Nh5 20. axb5 Na3 21. Qb3 axb5 22. Be3 Nc4 23. Ncxb5 Nxe3 24. Qxe3 Re7 25. Qd3 Qf8 26. Nxd6 Rd8 27. Nc6 {1-0 Thibaut,G-Winants,H BEL-ch31 Ghent 1952 (6)}) ({RR} 12... b6 13. Rac1 Bb7 14. b4 Rad8 15. d5 c5 16. bxc5 Nxc5 17. Nd2 Bc8 18. Nb3 Bd7 19. Nxc5 bxc5 20. Rb1 Rb8 21. Rb3 Nh5 22. Qe2 Rxb3 23. axb3 Qa5 24. Bd2 Rb8 25. Rb1 Qc7 26. Qd1 Be8 27. Ra1 {1-0 Paunovic,D (2524)-Jimenez Martinez,J (2202) La Roda op 34th 2007 (2)}) 13. Rac1 b5 14. a3 bxc4 15. dxe5 Nxe5 16. Nxe5 dxe5 17. Na4 Rb8 18. Qxc4 Be6 19. Qxc6 Qxc6 20. Rxc6 Bb3 21. Rd2 Bxa4 22. Rxf6 Bb5 23. Bf1 Rec8 24. Bxb5 axb5 25. Rd7 b4 26. Rfxf7 Rc2 27. Rxh7 b3 28. Rb7 Rxb7 29. Rxb7 Rxb2 30. a4 Ra2 31. Rxb3 Rxa4 32. f3 Ra1+ 33. Kf2 Ra2+ 34. Kf1 Ra1+ 35. Ke2 Ra2+ 36. Bd2 Bc5 37. h4 Kf7 38. Rb5 Bd4 39. Ra5 Rb2 40. Ra3 Bg1 41. g4 Bh2 42. Kd3 Rb8 43. Ra7+ Ke6 44. Bg5 Rb3+ 45. Kc4 Rxf3 46. Re7+ Kd6 47. Rg7 Ke6 48. Rxg6+ Kf7 49. h5 Rf1 50. Rb6 Rg1 51. Rb7+ Ke6 52. h6 Bf4 53. h7 Rh1 54. Bh6 1-0

[Event "45th Olympiad Budapest 2024"]
[Site "Budapest"]
[Date "2024.09.19"]
[Round "8"]
[Board "4"]
[White "Arunnuntapanich, Tinnakrit"]
[Black "Kanep, Meelis"]
[Result "1/2-1/2"]
[WhiteElo "2064"]
[BlackElo "2367"]
[PlyCount "132"]
[EventDate "2024.09.11"]
[EventType "team-tourn"]
[EventRounds "11"]
[EventCountry "HUN"]
[WhiteTeam "Thailand"]
[BlackTeam "Estonia"]
[WhiteTeamCountry "THA"]
[BlackTeamCountry "EST"]

1. d4 d5 2. c4 e6 3. Nc3 Bb4 4. a3 Bxc3+ 5. bxc3 Nf6 6. f3 c5 7. cxd5 Nxd5 8. dxc5 Qa5 9. e4 Ne7 10. Be3 Nd7 ({RR} 10... O-O 11. Qd2 Rd8 12. Qb2 Na6 13. Nh3 e5 14. Nf2 Be6 15. Nd3 Qc7 16. Qb5 Bd7 17. Qb2 Be6 18. Qb5 Bd7 19. Qb2 Be6 20. Qb5 {½-½ Nakamura,H (2794)-Carlsen,M (2830) 12th Norway Chess 2024 (7.1)}) 11. Qd4 ({RR} 11. Qb3 O-O 12. Bb5 Nc6 13. Bxc6 bxc6 14. Qb4 Qc7 15. Ne2 Ba6 16. c4 Ne5 17. Qc3 Nxc4 18. Bf4 e5 19. Bg3 Qe7 20. Kf2 Qxc5+ 21. Ke1 Rfd8 22. Rc1 Rab8 23. Bf2 Qe7 24. Ng3 Nb2 25. Nf5 Qg5 {0-1 Parra Gomez,A (2208)-Masruri,R (2281) Titled Tue 23rd Jan Early 2024 (2)}) 11... O-O 12. Be2 $146 ({RR} 12. Nh3 Nc6 13. Qc4 Nde5 14. Qb3 Nd7 15. Bb5 e5 16. O-O Nf6 17. Nf2 Be6 18. Bc4 Bxc4 19. Qxc4 Rfd8 20. Bg5 Rac8 21. f4 Ne7 22. Rad1 Ng6 23. f5 Nf8 24. Be3 Rxd1 25. Rxd1 Qxa3 26. g4 Qa5 {1-0 Molnar,A (2190)-Sawalani,N Cairnhill op 16th 1998 (4)}) 12... Nc6 13. Qc4 e5 14. Kf2 Nf6 15. Qb3 Qc7 16. Bb5 Be6 17. Qa4 Na5 18. Ne2 a6 19. Bd3 Nb3 20. Rad1 Nd7 21. Qb4 Nbxc5 22. Bc4 Bxc4 23. Qxc4 Rac8 24. Qb4 Nf6 25. Bxc5 Qxc5+ 26. Qxc5 Rxc5 27. Rb1 Rc7 28. Rhd1 Nd7 29. a4 Nc5 30. a5 f6 31. Rd6 Rff7 32. Ke3 Na4 33. Rb3 Rfd7 34. Rxd7 Rxd7 35. Rb4 Nc5 36. Nc1 Rd1 37. Rc4 Nxe4 38. Kxe4 Rxc1 39. Kf5 Rb1 40. Rc8+ Kf7 41. Rc7+ Kg8 42. c4 Rb2 43. g4 Rb3 44. c5 Rb5 45. h4 Rb3 46. h5 Rc3 47. h6 gxh6 48. Kxf6 Rxf3+ 49. Kxe5 Rb3 50. Kf6 Rf3+ 51. Ke6 Rb3 52. c6 bxc6 53. Rxc6 Kg7 54. Rxa6 Kg6 55. Kd7+ Kg5 56. Rb6 Ra3 57. a6 Kxg4 58. Rxh6 Kg5 59. Rb6 h5 60. Kc7 h4 61. Kb7 h3 62. a7 Rxa7+ 63. Kxa7 h2 64. Rb1 Kg4 65. Rh1 Kg3 66. Rxh2 Kxh2 1/2-1/2

[Event "45th Olympiad Budapest 2024"]
[Site "Budapest"]
[Date "2024.09.19"]
[Round "8"]
[Board "1"]
[White "Sanchez Alvarez, Roberto Carlos"]
[Black "Chinguun, Sumiya"]
[Result "0-1"]
[WhiteElo "2376"]
[BlackElo "2389"]
[PlyCount "66"]
[EventDate "2024.09.11"]
[EventType "team-tourn"]
[EventRounds "11"]
[EventCountry "HUN"]
[WhiteTeam "Panama"]
[BlackTeam "Mongolia"]
[WhiteTeamCountry "PAN"]
[BlackTeamCountry "MGL"]

1. d4 Nf6 2. c4 e6 3. Nc3 Bb4 4. e3 O-O 5. Bd3 d5 6. cxd5 exd5 7. Nge2 b6 8. O-O Ba6 ({RR} 8... Re8 9. Bd2 Bf8 10. Nf4 c6 11. f3 a5 12. Re1 Ba6 13. Bc2 b5 14. g4 Nfd7 15. Nce2 g6 16. Ng3 Bb7 17. Kg2 Bg7 18. Rc1 Na6 19. a4 b4 20. Bb3 Rc8 21. Rc2 Nb6 22. Qc1 Qd6 23. Nd3 {0-1 Korobov,A (2651)-Aravindh,C (2670) TCh-FRA Top 16 GpB 2024 (2.9)}) 9. Bxa6 ({RR} 9. Ng3 Bxd3 10. Qxd3 Bxc3 11. bxc3 Nbd7 12. c4 dxc4 13. Qxc4 c5 14. Ba3 Rc8 15. Rac1 Re8 16. Qa6 Qc7 17. Rfd1 h5 18. dxc5 bxc5 19. Nf5 Re6 20. Qe2 Rb8 21. Rd3 Qe5 22. Ng3 h4 23. Nf1 h3 {0-1 Tarasova,V (2226)-Hristodoulou,P (2376) Titled Tue 19th Mar Early 2024 (2)}) 9... Nxa6 10. Qd3 Nb8 $146 ({RR} 10... Qc8 11. a3 Bxc3 12. Nxc3 c5 13. b3 Qb7 14. Bb2 Rac8 15. Qf5 Nc7 16. Rfd1 Rfd8 17. Ne2 Nce8 18. Rac1 c4 19. bxc4 Nd6 20. Qb1 Nxc4 21. Nf4 Ne4 22. Nd3 f6 23. Rc2 a5 24. a4 Qd7 25. Qa2 {0-1 Gledura,B (2644)-Kovalev,V (2623) Chess.com Rapid Wk13 Swiss 2022 (4)}) ({RR} 10... Qc8 11. f3 c5 12. a3 c4 13. Qc2 Be7 14. f4 Nc7 15. e4 Nfe8 16. Ng3 f5 17. a4 Qe6 18. Nge2 Qd7 19. b3 Na6 20. bxc4 dxc4 21. Qa2 Rc8 22. Ba3 Nb4 23. Bxb4 Bxb4 24. d5 Rc5 25. e5 {1-0 Laszczak,P (1960)-Kokoszczynski,J (2076) Bialystok Zamenhof Memorial 35th rapid 2016 (6)}) ({RR} 10... Qc8 11. a3 Be7 12. b4 Rd8 13. b5 Nb8 14. a4 c5 15. dxc5 Bxc5 16. Bb2 Qg4 17. h3 Qg5 18. Rad1 Rd6 19. Nf4 Nbd7 20. Ncxd5 Nxd5 21. Nxd5 Rd8 22. Qe4 Kh8 23. Nf4 Nf6 24. Qf3 h6 25. Rxd6 {1-0 Cervantes Landeiro,T (2032)-Yip,C (2261) USA-ch U20 Girls 2017 (8)}) 11. Bd2 Nbd7 12. Rad1 Bd6 13. Nb5 Be7 14. f3 Re8 15. Be1 a6 16. Nbc3 c5 17. Bf2 cxd4 18. Nxd4 Ne5 19. Qb1 Bb4 20. Nde2 Qe7 21. Bh4 Qc5 22. Bxf6 Qxe3+ 23. Rf2 Bc5 24. Bh4 d4 25. Ne4 d3 26. N2c3 f5 27. Nxc5 bxc5 28. Qc1 Qd4 29. Bg3 Nc4 30. Qf4 Nxb2 31. Rc1 Rac8 32. Kf1 Nc4 33. Nd1 d2 0-1

[Event "45th Olympiad Budapest 2024"]
[Site "Budapest"]
[Date "2024.09.19"]
[Round "8"]
[Board "2"]
[White "Baasansuren, Erdene"]
[Black "Mendez Machado, Andre"]
[Result "1-0"]
[WhiteElo "2368"]
[BlackElo "2122"]
[PlyCount "103"]
[EventDate "2024.09.11"]
[EventType "team-tourn"]
[EventRounds "11"]
[EventCountry "HUN"]
[WhiteTeam "Mongolia"]
[BlackTeam "Panama"]
[WhiteTeamCountry "MGL"]
[BlackTeamCountry "PAN"]

1. Nf3 Nf6 2. c4 e6 3. b3 d5 4. Bb2 Be7 5. g3 O-O 6. Bg2 b6 7. O-O Bb7 8. e3 dxc4 9. bxc4 c5 10. Nc3 Nbd7 ({RR} 10... Ne8 11. Qe2 Nd6 12. d4 Nc6 13. dxc5 bxc5 14. Rfd1 Na5 15. Nd2 Bxg2 16. Kxg2 Qb6 17. Rab1 Qc6+ 18. Kg1 Rab8 19. Ba1 Bf6 20. Qg4 h5 21. Qxh5 Naxc4 22. Qf3 Qxf3 23. Nxf3 Rb4 24. Rbc1 Rfb8 25. Ne1 {½-½ Khismatullin,D (2627)-Inarkiev,E (2684) RUS-ch Higher League 71st 2018 (7)}) ({RR} 10... Ne4 11. Ne5 Nxc3 12. Bxc3 Qc7 13. f4 Bxg2 14. Kxg2 Nc6 15. Qf3 Rac8 16. Nxc6 Qxc6 17. a4 Rfd8 18. e4 f5 19. e5 a5 20. Qxc6 Rxc6 21. h3 g5 22. g4 fxg4 23. hxg4 gxf4 24. Rxf4 Bg5 25. Rf2 {½-½ Pantsulaia,L (2561)-Gagunashvili,M (2562) 83rd ch-GEO 2024 (3.5)}) 11. Qe2 Rc8 12. Rad1 Qc7 13. Nh4 $146 ({RR} 13. Ne1 Bxg2 14. Nxg2 Rfd8 15. f4 Qc6 16. d3 a6 17. a4 Bf8 18. g4 Ne8 19. Ba1 f5 20. gxf5 exf5 21. Nh4 g6 22. e4 fxe4 23. dxe4 Ndf6 24. e5 Nh5 25. f5 Rxd1 26. Qxd1 Bh6 27. Nd5 Rc7 {1-0 Sahajasri,C (2202)-Reeder,A (2064) Gibraltar Masters 18th 2020 (6)}) 13... Ne8 14. f4 Bxh4 15. gxh4 Bxg2 16. Qxg2 Qd8 17. Nb5 Nb8 18. Nxa7 Rc7 19. Nb5 Rd7 20. h5 Qh4 21. Be5 Na6 22. Qc6 Qd8 23. Bc3 Nb8 24. Qg2 Qh4 25. Qg5 Qh3 26. f5 exf5 27. Qxf5 Qxf5 28. Rxf5 Nc7 29. h6 g6 30. Rf6 Ne6 31. d4 cxd4 32. exd4 Rc8 33. d5 Rxc4 34. Rd2 Ng5 35. Re2 Rc8 36. Nd6 Rcd8 37. h4 Nh3+ 38. Kh2 Nf4 39. Rxf4 Rxd6 40. Rfe4 Rf8 41. Bb4 Rdd8 42. Bxf8 Kxf8 43. Rc2 Na6 44. Rc6 Nc5 45. Re3 Nd7 46. Kg3 Ra8 47. a3 Rb8 48. h5 Ra8 49. Rd6 Ra7 50. hxg6 hxg6 51. Kg2 Rc7 52. Rc6 1-0